LEADER 01206nam0-22003971i-450 001 990004131210403321 005 20240430105940.0 010 $a88-220-0112-5 035 $a000413121 035 $aFED01000413121 035 $a(Aleph)000413121FED01 100 $a19990604d1972----km-y0itay50------ba 101 1 $aita$cfre 102 $aIT 105 $ay---ac--001yy 200 1 $a<>strutture antropologiche dell'immaginario$eintroduzione all'archetipologia generale$fGilbert Durand 210 $aBari$cEdizioni Dedalo$d1972 215 $a559 p.$d21 cm 225 1 $a<>scienza nuova$v12 320 $aBibliografia: p. 517-533 454 0$12001$a<> structures anthropologiques de l'Imaginaire$916803 610 0 $aSimboli 676 $a306 700 1$aDurand,$bGilbert$010430 801 0$aIT$bUNINA$gRICA$2UNIMARC 901 $aBK 912 $a990004131210403321 952 $a300 DURA 01$bPED.1962$fFLFBC 952 $a20.154$b753$fDARST 952 $a300 DURA 01 BIS$bBRAU 2016/155$fFLFBC 952 $aB 1576 CAN$b1952$fDARPU 959 $aFLFBC 959 $aDARPU 959 $aDARST 996 $aStructures anthropologiques de l'Imaginaire$916803 997 $aUNINA LEADER 01671nam 2200385z- 450 001 9910689820803321 005 20150819074433.0 035 $a(CKB)5860000000026532 035 $a(BIP)013356856 035 $a(EXLCZ)995860000000026532 100 $a20220406c2005uuuu -u- - 101 0 $aeng 200 10$aImplementation of the USA Patriot Act $esections 201, 202, 223 of the Act that address criminal wiretaps, and section 213 of the Act that addresses delayed notice : hearing before the Subcommittee on Crime, Terrorism, and Homeland Security of the Committee on the Judiciary, House of Representatives, One Hundred Ninth Congress, first session, May 3, 2005 215 $a1 online resource (iii, 103 p.) 311 $a0-16-074830-5 517 $aImplementation of the USA Patriot Act 606 $aWiretapping$xGovernment policy$zUnited States 606 $aSearches and seizures$xGovernment policy$zUnited States 606 $aNational security$xLaw and legislation$zUnited States 606 $aCivil rights$zUnited States 610 $aWiretapping 610 $aSearches and seizures 610 $aNational security 610 $aCivil rights 610 $aPolitical science 610 $aLaw 615 0$aWiretapping$xGovernment policy 615 0$aSearches and seizures$xGovernment policy 615 0$aNational security$xLaw and legislation 615 0$aCivil rights 712 02$aUnited States, Congress House Committee on the Judiciary Subcommittee on Crime, Terrorism, and Homeland Security Staff,$4oth 906 $aBOOK 912 $a9910689820803321 996 $aImplementation of the USA PATRIOT ACT$93097857 997 $aUNINA